000 01459nam a2200409 a 4500
001 21879
003 VRT
005 20260313141848.0
008 240226s1993 xo slo
015 _aSNBA1993/09
020 _a8085310295
020 _a8085310309
_q(sub.)
035 _aSNK000015556
035 _aurn:nbn:sk:snk-amlnj3
035 _aurn:nbn:sk:snk-am00bwtl
035 _a663040DE-5996-46BD-A0B2-CA921B5FC39A
039 9 _a202402261755
_bVLOAD
_c202205110837
_dVLOAD
_c202205101537
_dcsnk01
_c201707060857
_dVLOAD
040 _aSNK
_bslo
_cSNK
_eAACR2
041 0 _aslo
044 _axo
_cSK
080 _a885.4-3(087.5)
_21981
100 1 _aBaroková, Terézia
_4aut
245 1 0 _aŠťastný les
_cTerézia Baroková ; ilustrovala Eva Odrášková
250 _a1. vyd.
260 _aBratislava
_bSerafín
_c1993
_eŽilina
_fDanubiaprint
300 _a32 s.
_c26 cm
655 7 _aslovenské rozprávky
_2SNKPH
655 7 _aautorské rozprávky
_2SNKPH
700 1 _aOdrášková, Eva
_4ill
_4bjd
910 _asnk
942 _2ddc
_cKLDE
_n0
949 _617A0087214
_9P60, <04>, [BOOK], {604}
_asnkSB 51475 D1
949 _617A0904335
_asnkSB 51475
_s6100:20160606
949 _6273K0230904
_asvkpoC 28543
_bsvkpo397422
_oPV 768/94
949 _63830001105442
_akurukT18/BARO1-1
_bkuruk2015/F9194
_oD2015/Stanislav Košč /15. 10. 2015
949 _63830001105443
_akurukT18/BARO1-1
_bkuruk2015/F9195
_oD2015/Stanislav Košč /15. 10. 2015
999 _c21879
_d21879